Billboard Hot 100 #1 Hits of 1982 - Statistics

General Stats
  • This quiz has been taken 14 times
  • The average score is 36 of 52
Answer Stats
Issue Date #1 Hit Artist % Correct
July 24 Eye Of The Tiger Survivor
92%
July 31 Eye Of The Tiger Survivor
92%
August 7 Eye Of The Tiger Survivor
92%
August 14 Eye Of The Tiger Survivor
92%
August 21 Eye Of The Tiger Survivor
92%
August 28 Eye Of The Tiger Survivor
92%
January 2 Physical Olivia Newton-John
92%
January 9 Physical Olivia Newton-John
92%
January 16 Physical Olivia Newton-John
92%
January 23 Physical Olivia Newton-John
92%
July 3 Don't You Want Me The Human League
83%
July 10 Don't You Want Me The Human League
83%
July 17 Don't You Want Me The Human League
83%
March 20 I Love Rock 'n' Roll Joan Jett and the Blackhearts
83%
March 27 I Love Rock 'n' Roll Joan Jett and the Blackhearts
83%
April 3 I Love Rock 'n' Roll Joan Jett and the Blackhearts
83%
April 10 I Love Rock 'n' Roll Joan Jett and the Blackhearts
83%
April 17 I Love Rock 'n' Roll Joan Jett and the Blackhearts
83%
April 24 I Love Rock 'n' Roll Joan Jett and the Blackhearts
83%
May 1 I Love Rock 'n' Roll Joan Jett and the Blackhearts
83%
February 6 Centerfold The J. Geils Band
75%
February 13 Centerfold The J. Geils Band
75%
February 20 Centerfold The J. Geils Band
75%
February 27 Centerfold The J. Geils Band
75%
March 6 Centerfold The J. Geils Band
75%
March 13 Centerfold The J. Geils Band
75%
May 8 Chariots Of Fire Vangelis
75%
May 15 Ebony And Ivory Paul McCartney & Stevie Wonder
75%
May 22 Ebony And Ivory Paul McCartney & Stevie Wonder
75%
May 29 Ebony And Ivory Paul McCartney & Stevie Wonder
75%
June 5 Ebony And Ivory Paul McCartney & Stevie Wonder
75%
June 12 Ebony And Ivory Paul McCartney & Stevie Wonder
75%
June 19 Ebony And Ivory Paul McCartney & Stevie Wonder
75%
June 26 Ebony And Ivory Paul McCartney & Stevie Wonder
75%
December 11 Mickey Toni Basil
75%
September 4 Abracadabra Steve Miller Band
67%
September 25 Abracadabra Steve Miller Band
67%
December 18 Maneater Daryl Hall and John Oates
50%
December 25 Maneater Daryl Hall and John Oates
50%
November 6 Up Where We Belong Joe Cocker & Jennifer Warnes
50%
November 13 Up Where We Belong Joe Cocker & Jennifer Warnes
50%
November 20 Up Where We Belong Joe Cocker & Jennifer Warnes
50%
October 2 Jack & Diane John Cougar
42%
October 9 Jack & Diane John Cougar
42%
October 16 Jack & Diane John Cougar
42%
October 23 Jack & Diane John Cougar
42%
October 30 Who Can It Be Now? Men At Work
42%
September 11 Hard To Say I'm Sorry Chicago
25%
September 18 Hard To Say I'm Sorry Chicago
25%
January 30 I Can't Go for That (No Can Do) Daryl Hall and John Oates
25%
November 27 Truly Lionel Richie
25%
December 4 Truly Lionel Richie
25%
No matching quizzes found
Score Distribution
Percent of People with Each Score
Percentile by Number Answered
Your Score History
You have not taken this quiz